000 00416nam a2200157Ia 4500
008 230917s9999||||xx |||||||||||||| ||und||
040 _e172523
_aMAIN
041 _aEnglish
082 _a589.9 C738C(3)
100 _aAlouf, Joseph E, ed.
245 0 _aComprehensive sourcebook of bacterial protein toxins
250 _a3rd ed.
260 _aAmsterdam
_bElsevier
_c2006
300 _axxiii, 1047 p.
942 _cBK
999 _c156296
_d156296